000 00298nam a2200121Ia 4500
008 190802s9999 xx 000 0 und d
020 _a0-8153-3218-1
100 _aBruce Alberts
245 0 _aEssential Cell Biology
260 _aNew York
_bGarland Science
_c2014
300 _a726:P
942 _cBK
999 _c2173
_d2173